Direct Taxes Law and Practice (Record no. 3520)

MARC details
000 -LEADER
fixed length control field 00384nam a22001577a 4500
005 - DATE AND TIME OF LATEST TRANSACTION
control field 20180412104752.0
008 - FIXED-LENGTH DATA ELEMENTS--GENERAL INFORMATION
fixed length control field 160622b xxu||||| |||| 00| 0 eng d
020 ## - INTERNATIONAL STANDARD BOOK NUMBER
ISBN 978-81-7194-503-0
041 ## - LANGUAGE CODE
Language code of text/sound track or separate title eng
082 ## - DEWEY DECIMAL CLASSIFICATION NUMBER
Item number 8976
Classification number 343.04
100 ## - MAIN ENTRY--AUTHOR NAME
Personal name Singhania, Dr. Vinod K
245 ## - TITLE STATEMENT
Title Direct Taxes Law and Practice
260 ## - PUBLICATION, DISTRIBUTION, ETC. (IMPRINT)
Name of publisher Taxmann
650 ## - SUBJECT ADDED ENTRY--TOPICAL TERM
Topical Term Management
942 ## - ADDED ENTRY ELEMENTS (KOHA)
Koha item type Books
Holdings
Lost status Damaged status Collection code Home library Shelving location Date acquired Cost, normal purchase price Full call number Accession Number Koha item type Current library
    LAW JRU Library SHELF-31-E 22/06/2016 580.00 343.04 8976 Books  
    LAW JRU Library SHELF-32-E 22/06/2016 580.00 343.04 8977 Books  
    LAW JRU Library SHELF-31-E 22/06/2016 580.00 343.04 8978 Books  
    LAW JRU Library SHELF-31-E 22/06/2016 580.00 343.04 8979 Books  
    Reference JRU Library SHELF-29-D 22/06/2016 580.00 343.04 8980 Books